Les 10 Hommes les plus riche du monde - Statistiques

Statistiques générales
  • Ce quiz a été pris 1 438 fois
  • Le résultat moyen est 3 sur 10
Statistiques - réponses
Fortune (en Milliards de dollars) Nom % Correct
131 Jeff Bezos
71%
96.5 Bill Gates
64%
76 Bernard Arnault
48%
62.3 Mark Zuckerberg
40%
50.8 Larry Page
10%
62.5 Larry Ellison
8%
82.5 Warren Buffett
7%
62.7 Amancio Ortega
3%
64 Carlos Slim Helu
1%
55.5 Michael Bloomberg
1%
Aucun quiz correspondant
Distribution des résultats
% des personnes avec chaque résultat
Percentile par nombre de réponses
Votre historique - résultats
Vous n’avez pas pris ce quiz